00763 2200229 4500001002100000005001500021035002000036245015500056100001300211250001900224300005300243856003600296700002100332700003000353700002400383700002200407260003900429082001400468084001400482020002200496600001500518INLIS00000000000323020220113081919 a0010-01220004111 aPENDIDIKAN POS MODERNISME :bTelaah Kritis Pemikiran Tokoh Pendidikan /cMukrizal Arif, Ahmad Sulthon, Aris Munfarida, Eko Sumadi, Fitroh Qudsiyah,dkk0 aMukrizal aCetakan Ketiga a348 halaman :bIlustrasi ;c17 x 24 cmemonograf aPerpustakaan Umum Kota Makassar0 aEditor : Rose KR0 aProofreader : Nur Hidayah0 aDesain Cover : Anto0 aDesain isi : Joko aYokyakarta :bAR-RUZZ MEDIA,c2016 a370.MUK.p a370.MUK.p a978-602-7874-79-4 4aPendidikan